=LDR 00000nam 2200000 4500 =001 INLIS000000000047029 =005 20150630104515.0 =006 =007 =008 =035 ##$$0010-061500000000118 =082 ##$$a 028.5 =090 ##$$a 028.5 ayo a =100 ##$$a do pictures =245 ##$$a keajaiban ikan =260 ##$$a nobel edumedia =300 ##$$a hln. 24 =850 ##$$a NPBMAT =990 ##$$a 2090100842/BPAP-NTB/2015